| 000 | 00708nam a22002057a 4500 | ||
|---|---|---|---|
| 999 |
_c18480 _d18480 |
||
| 003 | AR-CdUCM | ||
| 008 | 190514b ||||| |||| 00| 0 spa d | ||
| 040 |
_aMUNICIPALIDAD PROVINCIAL DEL CUSCO _cBIBLIOTECA MUNICIPAL DEL CUSCO |
||
| 082 |
_a384.985 / _bP38 |
||
| 100 |
_aPeirano, Luis _918884 |
||
| 245 | _aLa investigación en comunicación social en el Perú / | ||
| 260 |
_aLima : _bDesco, _c1982. |
||
| 300 |
_a182 páginas ; _c21 cm. |
||
| 505 | _aContenido : Lista de abreviaturas -- Libros, tesis y ensayos -- Algunos artículos de en periódicos ... | ||
| 650 |
_aInvestigación _91940 |
||
| 650 |
_aPeriódicos _923804 |
||
| 650 |
_aPerú _935 |
||
| 942 |
_2ddc _cLIBROS |
||
| 945 |
_arah _d2019/05/14 |
||